00543nam a22001697a 450000500170000001000130001702000280003003500130005803700240007108200080009524500770010326000380018027000710021830000250028970000260031470000330034020230904115139.0 aB-755804 a9788181534781c170.00  aB-755804 aDPLbRainbow Books  a000 aRainbow do you know where / ccompiled and edited by Aryan and Aakanksha aNew Delhi bRainbow Books c2016 aF-32, Street No.12, Parwana Road, Jagat Puri, bNew Delhi e110051 a64p.c25cm(Hb)bcol. aAryan ecomp. and ed. aand Aakankshaecomp. and ed.